00573 2200193 4500001002100000005001500021035002000036007000300056008004100059082000800100084001400108100001900122245012400141250001000265260004500275300002900320650002100349990000900370INLIS00000000000068320171013013517 a0010-1017000237ta171013 f 0 ind  a297 a297 TED a0 aTeddy Sunandar1 aAl Islam Panduan ,Mentoring :bForum Komunikalsi Da'wah Islam Fakultas Universitas Padjajaran /cEditor, Teddy Sunandar aCet.1 aBandung :bPT. Syamil Cipta Media,c2003 a141hlm ;c15,5 x 23,5 cm aPendidikan Islam a4478